000 00961nam a2200265Ia 4500
003 OSt
005 20220927110448.0
006 a|||||r|||| 00| 0
007 ta
008 220926b |||||||| |||| 00| 0 eng d
024 _a105066
037 _cReports
040 _aRTL
_cRTL
_beng
041 _2eng
_aeng
082 _a"X9(J852):51.2.N5t, J5/GD"
110 _a"India, Government of.... Food and Agriculture (Ministry of...). Marketing and Inspection (Directorate of...)"
_9378477
245 0 _aBrochure on the marketing of henna in India
260 _aDelhi
_bManager of Publications India
_c1955
300 _a14p.
_ccm.
490 _aMarketing series. 86.
650 _aHenna Industry
_9378478
700 _a"India, Government of.... Food and Agriculture (Ministry of...). Marketing and Inspection (Directorate of...)"
_9378479
942 _h"X9(J852):51.2.N5t, J5/GD"
_cCC
999 _c696812
_d696812